Viaje por Colombia = a journey through Colombia = un voyage á travers la Colombie (Registro nro. 75928)

Detalles MARC
000 -ENCABEZADO
Número de control [NR] 01417nam a2200337Ia 4500
008 - DE LONGITUD FIJA DE DATOS DE ELEMENTOS - INFORMACIÓN GENERAL
Elementos de longitud fija [NR] 130821s2010 ck ao gr mul
020 ## - NUMERO INTERNACIONAL NORMALIZADO PARA LIBROS [R]
Número Internacional Normalizado del libro [NR] 978 958 97378 4 2
040 ## - FUENTE DE CATALOGACION [NR]
Agencia de catalogación original [NR] Co-BoUCM
Idioma de catalogación [NR] spa
041 00 - CODIGO DE IDIOMA [R]
Código de idioma para texto/pista de sonido o título separado [R]
245 00 - MENCION DE TITULO [NR]
Título [NR] Viaje por Colombia = a journey through Colombia = un voyage á travers la Colombie
Mención de responsabilidad, etc. [NR] dirección editorial Consuelo Mendoza, Sylvia Jaramillo, Emiro Aristizábal ; dirección de arte Laura de Gamboa ; traducciones Michael Sparrow ; fotografías de Ge
250 ## - MENCION DE EDICION [NR]
Mención de edición [NR] 2a ed.
260 ## - PUBLICACION, DISTRIBUCION, ETC. (PIE DE IMPRENTA) [R]
Lugar de publicación, distribución, etc. [R] Bogotá (Colombia)
Nombre del editor, distribuidor, etc. [R] Somos Editores
Fecha de publicación, distribución, etc. [R] 2010
300 ## - DESCRIPCION FISICA [R]
Extensión [R] 135 páginas
Otros detalles físicos [NR] ilustraciones, fotografías color
500 ## - NOTA GENERAL [R]
Nota general [NR] Incluye índice.
650 ## - ASIENTO SECUNDARIO DE MATERIA - TERMINO TEMATICO [R]
Término temático o nombre geográfico como elemento de entrada [NR] Fauna
Subdivisión geográfica [R] Colombia
9 (RLIN) 15604
650 ## - ASIENTO SECUNDARIO DE MATERIA - TERMINO TEMATICO [R]
Término temático o nombre geográfico como elemento de entrada [NR] Flora
Subdivisión geográfica [R] Colombia
9 (RLIN) 15976
650 ## - ASIENTO SECUNDARIO DE MATERIA - TERMINO TEMATICO [R]
Término temático o nombre geográfico como elemento de entrada [NR] Geografía
9 (RLIN) 16335
651 ## - ASIENTO SECUNDARIO DE MATERIA - NOMBRE GEOGRAFICO [R]
Nombre geográfico [NR] Colombia
Subdivisión general [R] Descripciones y viajes
9 (RLIN) 78436
700 1# - ASIENTO SECUNDARIO - NOMBRE PERSONAL [R]
Nombre personal [NR] Aristizábal, Emiro
Término de relación [R]
9 (RLIN) 144222
700 1# - ASIENTO SECUNDARIO - NOMBRE PERSONAL [R]
Nombre personal [NR] Cano, Fernando Busquets
Término de relación [R]
9 (RLIN) 169342
700 1# - ASIENTO SECUNDARIO - NOMBRE PERSONAL [R]
Nombre personal [NR] Gamboa, Laura de
Término de relación [R]
9 (RLIN) 169343
700 1# - ASIENTO SECUNDARIO - NOMBRE PERSONAL [R]
Nombre personal [NR] Jaramillo, Sylvia
Término de relación [R]
9 (RLIN) 144224
700 1# - ASIENTO SECUNDARIO - NOMBRE PERSONAL [R]
Nombre personal [NR] Jordán, Olga Lucia
Término de relación [R]
9 (RLIN) 169344
700 1# - ASIENTO SECUNDARIO - NOMBRE PERSONAL [R]
Nombre personal [NR] Matiz, Armando
Término de relación [R]
9 (RLIN) 169345
700 1# - ASIENTO SECUNDARIO - NOMBRE PERSONAL [R]
Nombre personal [NR] Mendoza, Consuelo
Término de relación [R]
9 (RLIN) 144225
700 1# - ASIENTO SECUNDARIO - NOMBRE PERSONAL [R]
Nombre personal [NR] Moncada, Rodrigo
Término de relación [R]
9 (RLIN) 169346
700 1# - ASIENTO SECUNDARIO - NOMBRE PERSONAL [R]
Nombre personal [NR] Montes, Germán
Término de relación [R]
9 (RLIN) 159275
700 1# - ASIENTO SECUNDARIO - NOMBRE PERSONAL [R]
Nombre personal [NR] Sparrow, Michael
Término de relación [R]
9 (RLIN) 169347
942 ## - ELEMENTOS DE ENTRADA AGREGADOS (KOHA)
Tipo de ítem principal el descrito en 300a Libro
Tema principal Filosofía
Edición 2
Parte restante de la signatura top. V598
Sistema de clasificación DEWEY
Clasificación 918.04861
Existencias
Fecha de último préstamo Total préstamos Signatura topográfica Código de barras Última vez visto Volúmen / Fascículo Ejemplar Price effective from Tipo de ítem Perdido Sistema de clasificación Dañado No prestable Tipo de ítem específico Suprimido Ubicación habitual Ubicación actual Localización Fecha de creación Forma de adquisición Costo
08/11/2019 3 918.04861 V598 100120414 09/12/2025 2a. Ed. Ej.1 03/02/2013 Libro   DEWEY     Libro   Claustro Claustro 2do piso 30/09/2011 Compra 70000.00